Energy, resources and environment

Saved in:
Bibliographic Details
Other Authors: Blunden, John (Editor), Reddish, Alan (Editor)
Format: Book
Language:English
Published: London : Hodder and Stoughton, 1991
Subjects:
Tags: Add Tag
No Tags, Be the first to tag this record!

MARC

LEADER 00000nam a2200000 i 4500
001 1/92637
008 940228s1991 eng d
020 |a 0-340-53361-7 
035 |l 10008542 
040 |a GR-MY-UA  |b gre  |e aacr 
041 0 |a eng 
082 0 |a 333.79 
245 1 0 |a Energy, resources and environment /  |c Edited by John Blunden; Alan Reddish 
260 |a London :   |b Hodder and Stoughton,   |c 1991 
300 |a 339 p.  |b tables; fig.; plates 
504 |a Includes bibliographical references and index 
650 0 0 |a Power resources. 
700 1 |a Blunden, John.  |4 edt 
700 1 |a Reddish, Alan.  |4 edt 
852 |a INST  |b LESVOS  |e 19940228  |h 333.79 ENE  |p 005100004330  |q 005100004330  |t BK  |y 0 
909 |a Λ  |b 026816